000 00657nam a2200241Ia 4500
003 OSt
005 20221005101628.0
006 a|||||r|||| 00| 0
007 ta
008 221004b |||||||| |||| 00| 0 mal d
024 _a55547
037 _cTextual
040 _aCRL
_cCRL
_bmal
041 _2mal
_amal
082 _aO32,2:g, N0
100 _aNarayanan Kattumadam
_9622450
245 0 _aMalayalanatakaprasthanam
260 _aTrichur
_bKerala Sahitya Akademi India
_c1990
300 _a224
_ccm.
650 _aMALAYALAM DRAMA
_9207189
942 _hO32,2:g, N0
_cTEXL
_2cc
999 _c1007102
_d1007102